000
00256nam a2200109Ia 4500
008
190216s9999||||xx |||||||||||||| ||und||
100
_a
Ealam Kunnan Kunjan Pillai
245
0
_a
Leela Thilakam
260
_b
Nbs Kottayam
650
_a
Kavithkal
942
_c
BK
999
_c
23844
_d
23844